MARC

LEADER 00000nas a2200000 4500
001 ssj0031720
003 WaSeSS
005 20200512172242.0
006 m d
007 cr n
008 790301c19uu9999nq tr p s 0 b0spa c
010 |a sn 81004644  
016 7 |a 007851146  |2 Uk 
022 |l 0424-9674  |y 0424-9674 
035 |a (WaSeSS)ssj0031720 
040 |a YUS  |b eng  |c YUS  |d NSD  |d NST  |d OCL  |d OCLCQ  |d OCLCF  |d CUS  |d OCLCQ  |d CUY  |d RDF  |d ZAS  |d COD  |d UKMGB  |d WaSeSS 
042 |a nsdp  |a pcc 
043 |a cl-----  |a ncnq--- 
050 4 |a F1401  |b .E53 
130 0 |a Encuentro (Managua, Nicaragua) 
210 0 |a Encuentro  |b (Managua) 
222 0 |a Encuentro  |b (Managua) 
245 1 0 |a Encuentro  |h [electronic resource]. 
260 |a Managua  |b Universidad Centroamericana (UCA) de Managua 
310 |a Three times a year,  |b <May/Aug. 1987-> 
321 |a Semiannual 
506 |a License restrictions may limit access. 
550 |a "Revista de la Universidad Centroamericana en Nicaragua." 
588 |a Description based on: Núm. 31 (mayo/agosto 1987); title from cover. 
588 |a Latest issue consulted: Núm. 31 (mayo/agosto 1987). 
651 0 |a Latin America  |v Periodicals. 
651 0 |a Nicaragua  |v Periodicals. 
651 7 |a Latin America.  |2 fast  |0 (OCoLC)fst01245945 
651 7 |a Nicaragua.  |2 fast  |0 (OCoLC)fst01228307 
655 0 |a Electronic journals. 
710 2 |a Universidad Centroamericana (Nicaragua) 
780 0 0 |t Revista encuentro 
850 |a CSt  |a CU  |a CU-Riv  |a NcD  |a NjP  |a PPiU 
856 4 0 |z Full text available from PRISMA Database with HAPI Index: 01/01/2000 to 01/31/2016  |u https://search.proquest.com/publication/15438